000 00540nam a2200193Ia 4500
003 OSt
005 20201006111743.0
008 190216s9999||||xx |||||||||||||| ||und||
020 _a9788131711880
040 _coclc
082 _a005.133
_bCHU/C
100 _aChun, Wesley J
_95347
245 0 _aCore Python Programming /
_cWesley J Chun
250 _a2nd Ed.
260 _bPearson Education Asia,
_c2011.
_aNew Delhi:
300 _a1077p
650 _aComputer
942 _cBK
_2ddc
_h005.133
_iCHU/C
_k005.133
_mCHU/C
999 _c9030
_d9030